00512nam a2200181Ia 450000500170000000800410001702000230005804100080008108200150008910000220010424500640012625000120019026000400020230000090024250000290025165000280028070000220030820251122104057.0230125s9999 xx 000 0 und d a978150984354190000 aeng a158.1bBAR aBarabasi Albert L aThe Formula : The Science behind Why People Succeed Or Fail a1st Ed. c2018bMacmillan publicationaLondon a310p aPersonality Development  aPersonality Development aBarabasi Albert L